Catalog

Record Details

Catalog Search



Available copies

  • 2 of 2 copies available at LARL/NWRL Consortium.
  • 1 of 1 copy available at Lake Agassiz Regional Library. (Show preferred library)

Current holds

0 current holds with 2 total copies.

Show Only Available Copies
Location Call Number / Copy Notes Barcode Shelving Location Status Due Date
Crookston Public Library C COP (Text) 33500011165594 Main Available -
Red Lake Falls Public Library COP (Text) 35500004991723 Main Available -

Record details

  • ISBN: 9780310289852 (softcover)
  • ISBN: 0310289858 (softcover)
  • Physical Description: p. cm.
  • Publisher: Grand Rapids, Mich. : Zondervan, 2010.
Subject: Single women > Fiction.
Parents > Death > Fiction.
Farm life > Fiction.
Genre: Christian fiction.
Love stories.
LDR 01627cam a22004098a 4500
001122898
003LARL_NWRL_CONSORTIUM
00520100924100628.0
008100615s2010 miu 000 1 eng
010 . ‡a2010024264
020 . ‡a9780310289852 (softcover)
020 . ‡a0310289858 (softcover)
035 . ‡a(OCoLC)555622607
040 . ‡aDLC ‡cDLC ‡dBTCTA
05000. ‡aPS3553.O6336 ‡bM36 2010
08200. ‡a813/.54 ‡222
1001 . ‡aCopeland, Lori. ‡0(LARL_NWRL_CONSORTIUM)104035
24512. ‡aA man's heart / ‡cLori Copeland.
260 . ‡aGrand Rapids, Mich. : ‡bZondervan, ‡c2010.
263 . ‡a1011
300 . ‡ap. ‡ccm.
650 0. ‡aSingle women ‡vFiction. ‡0(LARL_NWRL_CONSORTIUM)167300
650 0. ‡aParents ‡xDeath ‡vFiction. ‡0(LARL_NWRL_CONSORTIUM)173947
650 0. ‡aFarm life ‡vFiction. ‡0(LARL_NWRL_CONSORTIUM)164970
655 7. ‡aChristian fiction. ‡2gsafd
655 7. ‡aLove stories. ‡2gsafd
948 . ‡hNO HOLDINGS IN LAL - 20 OTHER HOLDINGS
994 . ‡aZ0 ‡bLAL
901 . ‡a122898 ‡bOCLC ‡c122898 ‡tbiblio

Additional Resources